000 00888nas a2200289 4500
001 BR2015004377
003 BR-BrBNA
005 20231205125558.0
007 ta
008 230509b bl.|||p| |||| 00| 00por d
040 _aBR-BrBNA
_bpor
_cBiblioteca Nacional de Agricultura
041 _a(Pt)
072 _aQ04
100 1 _aSousa, A.G. de O.
100 1 _aFernandes, D.C.
100 1 _aNaves, M.M.V.
245 1 _aEficiência alimentar e qualidade proteica das sementes de baru e pequi procedentes do cerrado brasileiro
650 _aCERRADO
650 _aSEMENTE
650 _aCUMBARU
650 _aPEQUI
650 _aPROTEINA VEGETAL
650 _aANÁLISE ESTATÍSTICA
773 0 _tRevista do Instituto Adolfo Lutz (Brazil)
_xISSN 0073-9855
_g(Apr-Jun 2012), v. 71(2) p. 274-280
_wBR2015004377
909 _a202311
_bLúcia
_c55
_dLúcia Elande
942 _2AGRIS
_n0
_cANA
999 _c245009
_d245009